Normal view MARC view

Entry Personal Name

Number of records used in: 11

001 - CONTROL NUMBER

  • control field: 29353

003 - CONTROL NUMBER IDENTIFIER

  • control field: dpl

005 - DATE AND TIME OF LATEST TRANSACTION

  • control field: 20110711100641.0

008 - FIXED-LENGTH DATA ELEMENTS

  • fixed length control field: 110711|||a|||||| | ||| d

040 ## - CATALOGING SOURCE

  • Original cataloging agency: dpl
  • Transcribing agency: dpl

100 ## - HEADING--PERSONAL NAME

  • Personal name: Jayaram, N.

670 ## - SOURCE DATA FOUND

  • Source citation: Work cat.: (dpl): Diversities in the Indian diaspora :, 2011

670 ## - SOURCE DATA FOUND

  • Source citation: Work cat.: (dpl): Diversities in the Indian diaspora :, 2011

© Delhi Public Library
Hit Counter
free hit counter